| 000 | 00342nam a2200145Ia 4500 | ||
|---|---|---|---|
| 008 | 230917s9999||||xx |||||||||||||| ||und|| | ||
| 040 |
_e172972 _aMAIN |
||
| 041 | _aEnglish | ||
| 082 | _a590 T95U | ||
| 100 | _aTyagi, Rajeev | ||
| 245 | 0 | _aUnderstanding wildlife | |
| 260 |
_aNew Delhi _bDiscovery _c2010 |
||
| 300 | _a298 p. | ||
| 942 | _cBK | ||
| 999 |
_c156120 _d156120 |
||